Central Library OPAC University of Rajshahi

The modern history of Lebanon / (Record no. 54486)

MARC details
000 -LEADER
fixed length control field 00898nam a2200289 a 4500
001 - CONTROL NUMBER
control field 54486
003 - CONTROL NUMBER IDENTIFIER
rucl marc code BD-RjUL
005 - DATE AND TIME OF LATEST TRANSACTION
control field 20211209080128.0
008 - FIXED-LENGTH DATA ELEMENTS--GENERAL INFORMATION
fixed length control field 161107s1965 nyuabc b 000 0 eng
035 ## - SYSTEM CONTROL NUMBER
System control number (OCoLC)ocm00396110
System control number (BD-RjUL)54608
System control number (NNC)4666621
040 ## - CATALOGING SOURCE
Original cataloging agency DLC
Transcribing agency DLC
Language of cataloging eng
041 ## - LANGUAGE CODE
Language code of text/sound track or separate title eng
082 ## - DEWEY DECIMAL CLASSIFICATION NUMBER
Edition number 23
Classification number 956.92
Author mark and year SAM 1965
098 ## - OTHER CLASSIFICATION SCHEMES (OCLC)
Call number based on other classification scheme MP82
100 1# - MAIN ENTRY--PERSONAL NAME
Personal name Salibi, Kamal S.
Fuller form of name (Kamal Suleiman),
Dates associated with a name 1929-2011.
9 (RLIN) 162555
245 14 - TITLE STATEMENT
Title The modern history of Lebanon /
Statement of responsibility, etc. [by] K. S. Salibi.
260 ## - PUBLICATION, DISTRIBUTION, ETC. (IMPRINT)
Place of publication, distribution, etc. New York :
Name of publisher, distributor, etc. Praeger,
Date of publication, distribution, etc. [1965]
300 ## - PHYSICAL DESCRIPTION
Pagination xxvii, 227 p. :
Illustrations ill. ;
Size 23 cm.
490 1# - SERIES STATEMENT
Series statement The Praeger Asia-Africa series
504 ## - BIBLIOGRAPHY, ETC. NOTE
Bibliography, etc "Bibliographical notes and suggestions for further reading": p. 215-217.
651 #0 - SUBJECT ADDED ENTRY--GEOGRAPHIC NAME
Geographic name Lebanon
General subdivision History.
9 (RLIN) 162556
830 #0 - SERIES ADDED ENTRY--UNIFORM TITLE
Uniform title Praeger Asia-Africa series.
942 ## - ADDED ENTRY ELEMENTS (KOHA)
Source of classification or shelving scheme Dewey Decimal Classification
Koha item type Books
Holdings
Lost status Source of classification or shelving scheme Damaged status Not for loan Collection code Permanent Location Current Location Shelving location Date acquired Source of acquisition Cost, normal purchase price Total Checkouts Full call number Date last seen Copy number Koha item type
  Dewey Decimal Classification     Non-fiction Central Library, University of Rajshahi Central Library, University of Rajshahi   08/12/1967 Zeetlinger 54.00   956.92 SAM 1965 07/11/2016 C-2 Books